[Event "Prague Summer op-A 5th"]
[Site "Prague"]
[Date "2018.08.09"]
[Round "8"]
[White "Dave, Dhyani"]
[Black "Shehzad, Shazil Khan"]
[Result "1/2-1/2"]
[WhiteElo "2114"]
[BlackElo "1972"]
[PlyCount "124"]
[EventDate "2018.08.03"]
[EventType "swiss"]
[EventRounds "9"]
[EventCountry "CZE"]
[SourceTitle "CBM 185 Extra"]
[Source "ChessBase"]
[SourceDate "2018.07.29"]
[SourceVersion "1"]
[SourceVersionDate "2018.07.29"]
[SourceQuality "1"]

1. e4 c5 2. Nf3 e6 3. b3 Nc6 4. Bb2 d6 5. Bd3 b6 6. 0-0 Bb7 7. Re1 Nf6 8. Bf1 Be7 9. c3 0-0 10. d4 Qc7 11. d5 exd5 12. exd5 Ne5 13. c4 Nfd7 14. Nxe5 dxe5 15. Nc3 f5 16. Nb5 Qd8 17. d6 Bf6 18. Nc7 Rc8 19. Ne6 Qe8 20. Nxf8 Qxf8 21. Qd2 Qf7 22. f4 e4 23. Bxf6 Nxf6 24. Rad1 Rd8 25. Qb2 g6 26. Qe5 Re8 27. Qc3 Rd8 28. a3 Qe6 29. Rd2 Rxd6 30. Red1 Rxd2 31. Qxd2 Kf7 32. Qd8 Qe7 33. Qxe7+ Kxe7 34. Be2 Bc6 35. h3 h5 36. g3 Nd7 37. g4 hxg4 38. hxg4 Nf8 39. gxf5 gxf5 40. Kf2 Ne6 41. Ke3 Nd4 42. Rb1 a5 43. Bd1 Kd6 44. Rb2 Kc7 45. b4 Bd7 46. bxa5 bxa5 47. Rb1 Be6 48. Ba4 Bg8 49. Kd2 Be6 50. Ke3 Bg8 51. Rg1 Be6 52. Ra1 Kb6 53. Rc1 Bg8 54. Be8 Be6 55. Bh5 Bg8 56. Be2 Be6 57. Bf1 Bf7 58. Rb1+ Kc7 59. Rb2 Be6 60. Rh2 Kd6 61. Rb2 Kc7 62. Rh2 Kd6 1/2-1/2

[Event "Prague Summer op-A 5th"]
[Site "Prague"]
[Date "2018.08.05"]
[Round "4"]
[White "Sim, Jia Ru"]
[Black "Dave, Dhyani"]
[Result "0-1"]
[WhiteElo "1930"]
[BlackElo "2114"]
[PlyCount "118"]
[EventDate "2018.08.03"]
[EventType "swiss"]
[EventRounds "9"]
[EventCountry "CZE"]
[SourceTitle "CBM 185 Extra"]
[Source "ChessBase"]
[SourceDate "2018.07.29"]
[SourceVersion "1"]
[SourceVersionDate "2018.07.29"]
[SourceQuality "1"]

1. e4 c5 2. Nf3 d6 3. c3 Nf6 4. Be2 Bg4 5. 0-0 e6 6. h3 Bh5 7. d3 Nc6 8. Nh2 Bxe2 9. Qxe2 Be7 10. f4 0-0 11. Be3 c4 12. Nd2 cxd3 13. Qxd3 Qc7 14. Ng4 Rad8 15. Nxf6+ Bxf6 16. g4 d5 17. e5 Be7 18. Nf3 f6 19. exf6 Bxf6 20. Bc5 Rfe8 21. Qe3 e5 22. f5 b6 23. Ba3 e4 24. Nd4 Nxd4 25. cxd4 h6 26. Rad1 Bg5 27. Qe1 e3 28. Rc1 Qb8 29. Rc2 Re4 30. Qd1 Rde8 31. Re2 Bf6 32. Qb3 Qd8 33. Rf3 Bxd4 34. Qd3 Qc7 35. b3 Qe5 36. Kg2 Bc5 37. b4 Bd6 38. Kg1 Rc8 39. Bb2 d4 40. a3 a5 41. bxa5 bxa5 42. f6 Bc5 43. f7+ Kf8 44. a4 Qe7 45. Rf5 Re5 46. Rf3 Re4 47. Qa6 Qe6 48. Qd3 Rc7 49. Rf5 Bb4 50. Bxd4 Rd7 51. Qb5 Rexd4 52. Re5 Rd1+ 53. Kg2 Qd6 54. R2xe3 Rd2+ 55. Kh1 Rd1+ 56. Kg2 Rd2+ 57. Re2 Rd5 58. Rf5 Rxf5 59. Qxf5 Qd5+ 0-1

[Event "Prague Summer op-A 5th"]
[Site "Prague"]
[Date "2018.08.04"]
[Round "2"]
[White "Hess, Max"]
[Black "Dave, Dhyani"]
[Result "1-0"]
[WhiteElo "2331"]
[BlackElo "2114"]
[PlyCount "59"]
[EventDate "2018.08.03"]
[EventType "swiss"]
[EventRounds "9"]
[EventCountry "CZE"]
[SourceTitle "CBM 185 Extra"]
[Source "ChessBase"]
[SourceDate "2018.07.29"]
[SourceVersion "1"]
[SourceVersionDate "2018.07.29"]
[SourceQuality "1"]

1. e4 c5 2. Nf3 d6 3. d4 cxd4 4. Nxd4 Nf6 5. Nc3 a6 6. Bg5 e6 7. Qe2 Be7 8. f4 b5 9. a3 Bb7 10. 0-0-0 Qc7 11. g4 Nbd7 12. Bg2 Nc5 13. h4 Rd8 14. Kb1 0-0 15. Bxf6 Bxf6 16. g5 Bxd4 17. Rxd4 f5 18. gxf6 Rxf6 19. e5 Bxg2 20. Qxg2 Rff8 21. Re1 d5 22. Qg4 Qf7 23. Rg1 Nd7 24. a4 bxa4 25. Rxa4 Nb8 26. Ne2 Rd7 27. Nd4 Re7 28. Rb4 Rc8 29. f5 Nc6 30. Nxc6 1-0

[Event "Miquel Mas op 17th"]
[Site "Castell de Sant Ferran"]
[Date "2016.08.12"]
[Round "2"]
[White "Renteria Becerra, Jorge Elicer"]
[Black "Dave, Dhyani"]
[Result "1-0"]
[WhiteElo "2264"]
[BlackElo "2128"]
[PlyCount "39"]
[EventDate "2016.08.11"]
[EventType "swiss"]
[EventRounds "9"]
[EventCountry "ESP"]
[SourceTitle "CBM 173 Extra"]
[Source "ChessBase"]
[SourceDate "2016.08.29"]
[SourceVersion "1"]
[SourceVersionDate "2016.08.29"]
[SourceQuality "1"]

1. e4 c5 2. Nf3 d6 3. d4 cxd4 4. Nxd4 Nf6 5. Nc3 a6 6. f3 e5 7. Nb3 Be6 8. Be3 Be7 9. Qd2 h5 10. Be2 Nbd7 11. 0-0 Rc8 12. a4 b6 13. Bxa6 Ra8 14. Be2 0-0 15. Nd5 Nxd5 16. exd5 Bf5 17. a5 bxa5 18. Nxa5 Qc7 19. Nc6 Bf6 20. g4 1-0

[Event "IND-chT (Women) 14th"]
[Site "Bhubaneswar"]
[Date "2016.02.14"]
[Round "7.4"]
[White "Dave, Dhyani"]
[Black "Srija, Seshadri"]
[Result "0-1"]
[WhiteElo "2158"]
[BlackElo "2145"]
[PlyCount "90"]
[EventDate "2016.02.08"]
[EventType "team-tourn"]
[EventRounds "7"]
[EventCountry "IND"]
[SourceTitle "CBM 170 Extra"]
[Source "ChessBase"]
[SourceDate "2016.02.25"]
[SourceVersion "1"]
[SourceVersionDate "2016.02.25"]
[SourceQuality "1"]
[WhiteTeam "Gujarat (W)"]
[BlackTeam "Petroleum Sports (W)"]
[WhiteTeamCountry "IND"]
[BlackTeamCountry "IND"]

1. e4 e5 2. Nf3 Nc6 3. Bc4 Bc5 4. d3 Nf6 5. Nbd2 d6 6. c3 a6 7. 0-0 Ba7 8. Bb3 Be6 9. Bxe6 fxe6 10. Qb3 Qc8 11. Nc4 0-0 12. Be3 b5 13. Ncd2 Na5 14. Qa3 Nb7 15. Bxa7 Rxa7 16. d4 exd4 17. cxd4 c5 18. dxc5 dxc5 19. Ne5 Qc7 20. f4 c4 21. Qe3 Raa8 22. Rac1 Qc5 23. Rc3 Rad8 24. Nef3 Qxe3+ 25. Rxe3 Nc5 26. b3 Ng4 27. Rc3 Rxf4 28. bxc4 b4 29. Rcc1 Nd3 30. Ra1 Ne3 31. g3 Rff8 32. Nb3 Nxf1 33. Rxf1 Nb2 34. c5 Nc4 35. Nfd4 Rxf1+ 36. Kxf1 Kf7 37. Nc6 Rd7 38. Nxb4 a5 39. Nc6 a4 40. Nbd4 e5 41. Nb5 Rd1+ 42. Ke2 Rd2+ 43. Ke1 Rxa2 44. Nca7 Ke6 45. c6 Nb6 0-1

[Event "Budapest Spring op (Women)"]
[Site "Budapest"]
[Date "2015.04.11"]
[Round "5"]
[White "Nikolova, Adriana"]
[Black "Dave, Dhyani"]
[Result "1-0"]
[WhiteElo "2333"]
[BlackElo "2157"]
[PlyCount "83"]
[EventDate "2015.04.07"]
[EventType "swiss"]
[EventRounds "9"]
[EventCountry "HUN"]
[SourceTitle "CBM 166 Extra"]
[Source "ChessBase"]
[SourceDate "2015.06.18"]
[SourceVersion "1"]
[SourceVersionDate "2015.06.18"]
[SourceQuality "1"]

1. e4 c5 2. c3 d5 3. exd5 Qxd5 4. d4 g6 5. Nf3 Bg7 6. Be3 cxd4 7. cxd4 Nf6 8. Nc3 Qa5 9. Bc4 0-0 10. 0-0 Bg4 11. h3 Bxf3 12. Qxf3 Nc6 13. Rfd1 Qb4 14. Qe2 Na5 15. Bd3 Rfd8 16. Nb5 Nc6 17. a3 Qa4 18. b3 Qxb3 19. Bc2 Qe6 20. Nc7 Qd7 21. Nxa8 Rxa8 22. Ba4 Nd5 23. Rac1 Qd6 24. Bxc6 bxc6 25. Qa6 Nxe3 26. fxe3 Qg3 27. Qe2 Bh6 28. Rd3 Qd6 29. Qf3 Rc8 30. Rdc3 a5 31. a4 Qb4 32. Qe4 e6 33. Qc2 Rb8 34. Kh1 Kg7 35. Qe4 Qb2 36. Rxc6 Bg5 37. R6c2 Qb3 38. Rc3 Qb2 39. Qe5+ Bf6 40. Qf4 Rb4 41. R3c2 Qa3 42. Rf1 1-0

[Event "Barcelona Sant Marti op-A 14th"]
[Site "Barcelona"]
[Date "2012.07.20"]
[Round "8"]
[White "Prasanna Raghuram, Rao"]
[Black "Dave, Dhyani"]
[Result "1-0"]
[WhiteElo "2428"]
[BlackElo "2170"]
[PlyCount "49"]
[EventDate "2012.07.13"]
[EventType "swiss"]
[EventRounds "9"]
[EventCountry "ESP"]
[SourceTitle "CBM 149 Extra"]
[Source "ChessBase"]
[SourceDate "2012.08.24"]
[SourceVersion "1"]
[SourceVersionDate "2012.08.24"]
[SourceQuality "1"]

1. d4 d5 2. e3 Nf6 3. Bd3 c5 4. c3 e6 5. Nf3 Nc6 6. Nbd2 Bd6 7. 0-0 0-0 8. Qe2 Re8 9. e4 dxe4 10. Nxe4 Nxe4 11. Bxe4 cxd4 12. cxd4 h6 13. Rd1 f5 14. Bxc6 bxc6 15. Ne5 Bb7 16. Bf4 Rc8 17. Rac1 Bf8 18. Qh5 Qf6 19. Rc3 g5 20. Rg3 Bg7 21. Bxg5 hxg5 22. Rxg5 Red8 23. Rg6 Qe7 24. Rd3 Qb4 25. Rxg7+ 1-0

[Event "Barcelona Sant Marti op-A 14th"]
[Site "Barcelona"]
[Date "2012.07.18"]
[Round "6"]
[White "Paljusaj, Edmond"]
[Black "Dave, Dhyani"]
[Result "1-0"]
[WhiteElo "2334"]
[BlackElo "2170"]
[PlyCount "71"]
[EventDate "2012.07.13"]
[EventType "swiss"]
[EventRounds "9"]
[EventCountry "ESP"]
[SourceTitle "CBM 149 Extra"]
[Source "ChessBase"]
[SourceDate "2012.08.24"]
[SourceVersion "1"]
[SourceVersionDate "2012.08.24"]
[SourceQuality "1"]

1. e4 e6 2. d4 d5 3. Nc3 Nf6 4. Bg5 dxe4 5. Nxe4 Nbd7 6. Nf3 h6 7. Nxf6+ Nxf6 8. Bh4 c5 9. Bb5+ Bd7 10. Bxd7+ Qxd7 11. Bxf6 gxf6 12. dxc5 Qxd1+ 13. Rxd1 Bxc5 14. Ke2 Ke7 15. Rd2 Rad8 16. Rhd1 Rxd2+ 17. Rxd2 Rg8 18. g3 Rc8 19. Ne1 f5 20. c3 b5 21. Nd3 Bd6 22. Rc2 Rc6 23. b3 Rc8 24. c4 bxc4 25. Rxc4 Rb8 26. Ra4 Ra8 27. Ra6 Bc7 28. a4 Bb6 29. a5 Bd4 30. Nb4 Kd7 31. Nc6 Bc5 32. b4 Bd6 33. b5 Bc5 34. Ne5+ Ke8 35. b6 Rb8 36. Nc6 1-0

[Event "Barcelona Sant Marti op-A 14th"]
[Site "Barcelona"]
[Date "2012.07.14"]
[Round "2"]
[White "Olive Oller, Guim"]
[Black "Dave, Dhyani"]
[Result "0-1"]
[WhiteElo "1850"]
[BlackElo "2170"]
[PlyCount "60"]
[EventDate "2012.07.13"]
[EventType "swiss"]
[EventRounds "9"]
[EventCountry "ESP"]
[SourceTitle "CBM 149 Extra"]
[Source "ChessBase"]
[SourceDate "2012.08.24"]
[SourceVersion "1"]
[SourceVersionDate "2012.08.24"]
[SourceQuality "1"]

1. d4 d5 2. Nf3 Nf6 3. c4 c6 4. cxd5 cxd5 5. Nc3 e6 6. Bg5 Be7 7. e3 0-0 8. Bd3 Nc6 9. 0-0 h6 10. Bh4 Bd7 11. Rc1 Rc8 12. Bb1 Nh5 13. Bxe7 Qxe7 14. Ne5 Nf6 15. Qd3 Nb4 16. Qe2 Rfd8 17. g3 Nc6 18. Qd3 Be8 19. f4 g6 20. h3 Nh7 21. g4 f5 22. gxf5 gxf5 23. Rc2 Nxe5 24. dxe5 Bc6 25. Kh2 Kh8 26. Rcf2 Rg8 27. Ne2 Qh4 28. Qd1 Bb5 29. Bd3 Bc6 30. Nd4 Rg3 0-1

[Event "Barcelona Sant Marti op-A 14th"]
[Site "Barcelona"]
[Date "2012.07.13"]
[Round "1"]
[White "Dave, Dhyani"]
[Black "Panelo Munoz, Marcelo A"]
[Result "0-1"]
[WhiteElo "2170"]
[BlackElo "2452"]
[PlyCount "56"]
[EventDate "2012.07.13"]
[EventType "swiss"]
[EventRounds "9"]
[EventCountry "ESP"]
[SourceTitle "CBM 149 Extra"]
[Source "ChessBase"]
[SourceDate "2012.08.24"]
[SourceVersion "1"]
[SourceVersionDate "2012.08.24"]
[SourceQuality "1"]

1. e4 c5 2. Nf3 d6 3. Bb5+ Bd7 4. Bxd7+ Qxd7 5. 0-0 Nf6 6. Qe2 Nc6 7. c3 e6 8. d4 cxd4 9. cxd4 d5 10. e5 Ne4 11. Nbd2 Nxd2 12. Bxd2 Be7 13. Be3 0-0 14. Nd2 Rac8 15. Rac1 Na5 16. Qd3 a6 17. f4 f5 18. exf6 Bxf6 19. b3 Nc6 20. Nf3 Nb4 21. Qd2 Nc6 22. Ne5 Bxe5 23. fxe5 Rxf1+ 24. Kxf1 Rf8+ 25. Ke2 Qf7 26. Kd3 Rc8 27. h3 Qg6+ 28. Ke2 Qxg2+ 0-1

[Event "Barbera del Valles op 35th"]
[Site "Barbera del Valles"]
[Date "2012.07.09"]
[Round "6"]
[White "Amores Gago, Javier"]
[Black "Dave, Dhyani"]
[Result "0-1"]
[WhiteElo "2135"]
[BlackElo "2170"]
[PlyCount "99"]
[EventDate "2012.07.04"]
[EventType "swiss"]
[EventRounds "9"]
[EventCountry "ESP"]
[SourceTitle "CBM 149 Extra"]
[Source "ChessBase"]
[SourceDate "2012.08.24"]
[SourceVersion "1"]
[SourceVersionDate "2012.08.24"]
[SourceQuality "1"]

1. e4 e6 2. d4 d5 3. exd5 exd5 4. c4 Nf6 5. Nc3 c6 6. Nf3 Be7 7. Be2 dxc4 8. Bxc4 0-0 9. h3 Nbd7 10. 0-0 Nb6 11. Bb3 Nbd5 12. Qd3 Re8 13. Re1 Be6 14. Rxe6 fxe6 15. Bd2 Nd7 16. Re1 Nf8 17. Ne5 Qc7 18. Ne4 Bd6 19. Nc4 Bb4 20. Bxb4 Nxb4 21. Qf3 Rad8 22. a3 Nd5 23. Ne5 Re7 24. Qg3 Nd7 25. Bxd5 Nxe5 26. Bxe6+ Rxe6 27. dxe5 Qxe5 28. Qh4 Rf8 29. f3 Qxb2 30. a4 Qd4+ 31. Kh1 c5 32. Rc1 b6 33. a5 Kh8 34. Qh5 Rh6 35. Qg5 Rg6 36. Qe7 Rg8 37. Qxa7 Qb2 38. Rg1 Qa3 39. axb6 Qxa7 40. bxa7 c4 41. Ra1 Ra8 42. Kg1 Rc6 43. Nc3 Rc7 44. Ra4 Raxa7 45. Rxa7 Rxa7 46. Kf2 Ra3 47. Ne2 Rd3 48. Nf4 Rd6 49. Ke3 Kg8 50. Ne2 0-1

[Event "Barbera del Valles op 35th"]
[Site "Barbera del Valles"]
[Date "2012.07.04"]
[Round "1"]
[White "Dave, Dhyani"]
[Black "Guerra Mendez, Jose Angel"]
[Result "0-1"]
[WhiteElo "2170"]
[BlackElo "2428"]
[PlyCount "108"]
[EventDate "2012.07.04"]
[EventType "swiss"]
[EventRounds "9"]
[EventCountry "ESP"]
[SourceTitle "CBM 149 Extra"]
[Source "ChessBase"]
[SourceDate "2012.08.24"]
[SourceVersion "1"]
[SourceVersionDate "2012.08.24"]
[SourceQuality "1"]

1. e4 c5 2. Nf3 d6 3. d4 cxd4 4. Qxd4 Nc6 5. Bb5 Bd7 6. Bxc6 Bxc6 7. Nc3 Nf6 8. Bg5 e6 9. 0-0-0 Be7 10. Qd3 Qa5 11. h4 h6 12. Bxf6 Bxf6 13. Nd4 Qb6 14. f4 Bxd4 15. Qxd4 Qxd4 16. Rxd4 Ke7 17. Re1 Rhd8 18. g4 Rac8 19. f5 Kf6 20. Rd2 Ke5 21. Nd5 Be8 22. Nb4 Bb5 23. Kd1 Rd7 24. Nd3+ Bxd3 25. Rxd3 Rc4 26. Rde3 Kf4 27. fxe6 fxe6 28. g5 hxg5 29. hxg5 Kxg5 30. Rf3 Rc5 31. Rg1+ Kh6 32. c3 Rg5 33. Rgf1 Kg6 34. Ke2 Rg2+ 35. R1f2 Rxf2+ 36. Rxf2 Rf7 37. Rg2+ Kh5 38. Ke3 g5 39. Rh2+ Kg6 40. Ke2 Rd7 41. c4 Kf6 42. Rf2+ Ke5 43. Rg2 Rg7 44. Rg4 b6 45. b3 d5 46. cxd5 exd5 47. exd5 Kxd5 48. Rc4 g4 49. Kf2 g3+ 50. Kg2 Rg6 51. Rc2 a5 52. Rc1 Rg4 53. Rc2 b5 54. Kf3 g2 0-1

[Event "Reykjavik op"]
[Site "Reykjavik"]
[Date "2012.03.10"]
[Round "5"]
[White "Palsson, Halldor"]
[Black "Dave, Dhyani"]
[Result "1-0"]
[WhiteElo "2000"]
[BlackElo "2205"]
[PlyCount "97"]
[EventDate "2012.03.06"]
[EventType "swiss"]
[EventRounds "9"]
[EventCountry "ISL"]
[SourceTitle "CBM 147 Extra"]
[Source "ChessBase"]
[SourceDate "2012.04.24"]
[SourceVersion "1"]
[SourceVersionDate "2012.04.24"]
[SourceQuality "1"]

1. d4 f5 2. Nc3 Nf6 3. f3 d5 4. Bf4 a6 5. Nh3 Nc6 6. Qd2 e6 7. e3 Be7 8. 0-0-0 b5 9. Kb1 Bd7 10. Rg1 b4 11. Na4 Nxd4 12. exd4 Bxa4 13. Ng5 Bd7 14. Re1 Qc8 15. Qe3 c6 16. Bd3 g6 17. g4 fxg4 18. fxg4 a5 19. Be5 Rg8 20. Ref1 Ne4 21. Nxh7 Qb7 22. Bxe4 dxe4 23. Qxe4 0-0-0 24. h4 c5 25. Qxb7+ Kxb7 26. Rf7 Bxh4 27. g5 cxd4 28. Rf4 Bxg5 29. Nxg5 Bc8 30. Bxd4 e5 31. Bxe5 Bf5 32. Ne4 Kc6 33. Ng3 Rd5 34. Bf6 Rf8 35. Bg7 Bxc2+ 36. Kxc2 Rxf4 37. Ne2 Rc4+ 38. Kb3 Kb5 39. a4+ bxa3 40. Nc3+ Rxc3+ 41. bxc3 Rd6 42. Kxa3 Rc6 43. Rg5+ Ka6 44. Bd4 Rc4 45. Rxg6+ Kb7 46. Rb6+ Kc7 47. Rb5 Kd7 48. Rxa5 Rc6 49. Kb4 1-0

[Event "Dhaka Six Seasons 2nd"]
[Site "Dhaka"]
[Date "2010.08.29"]
[Round "10"]
[White "Murshed, Niaz"]
[Black "Dave, Dhyani"]
[Result "1-0"]
[WhiteElo "2406"]
[BlackElo "2139"]
[PlyCount "65"]
[EventDate "2010.08.23"]
[EventType "tourn"]
[EventRounds "10"]
[EventCountry "BAN"]
[SourceTitle "EXT 2019"]
[Source "ChessBase"]
[SourceDate "2018.10.10"]
[SourceVersion "1"]
[SourceVersionDate "2018.10.10"]
[SourceQuality "1"]

1. e4 f5 2. d4 fxe4 3. Nc3 Nf6 4. Bg5 Nc6 5. d5 Ne5 6. Qe2 c6 7. 0-0-0 Qa5 8. f4 Ng6 9. Bxf6 gxf6 10. Qxe4 Bh6 11. g3 0-0 12. Nf3 f5 13. Qc4 Kh8 14. h4 b5 15. Qb3 e6 16. dxe6 d5 17. Ng5 Bxg5 18. hxg5 Bxe6 19. Ne2 Rae8 20. Nd4 Bd7 21. Kb1 Re7 22. Qf3 Qb6 23. Bg2 Rfe8 24. Bh3 Rf8 25. Qd3 Re4 26. Bg2 Ree8 27. Rh6 Kg8 28. Rdh1 Re7 29. Bf3 Rfe8 30. Qd1 Rf8 31. Bh5 Rg7 32. Bxg6 hxg6 33. Nf3 1-0

[Event "Dhaka Six Seasons 2nd"]
[Site "Dhaka"]
[Date "2010.08.27"]
[Round "6"]
[White "Dave, Dhyani"]
[Black "Mallick, Masudur Rahman"]
[Result "1-0"]
[WhiteElo "2139"]
[BlackElo "2072"]
[PlyCount "51"]
[EventDate "2010.08.23"]
[EventType "tourn"]
[EventRounds "10"]
[EventCountry "BAN"]
[SourceTitle "EXT 2019"]
[Source "ChessBase"]
[SourceDate "2018.10.10"]
[SourceVersion "1"]
[SourceVersionDate "2018.10.10"]
[SourceQuality "1"]

1. e4 g6 2. d4 Bg7 3. Nc3 c6 4. Nf3 d5 5. e5 Bg4 6. Be2 f6 7. Bf4 Nh6 8. exf6 exf6 9. 0-0 0-0 10. h3 Bxf3 11. Bxf3 Nd7 12. Re1 Re8 13. Rxe8+ Qxe8 14. Qd2 Nf7 15. Re1 Qf8 16. Re6 Re8 17. Qe1 Rxe6 18. Qxe6 Qd8 19. Nxd5 cxd5 20. Bxd5 Nb6 21. Qxf7+ Kh8 22. Bb3 Qc8 23. d5 a5 24. d6 a4 25. Bd5 Qd8 26. d7 1-0

[Event "Dhaka Six Seasons 2nd"]
[Site "Dhaka"]
[Date "2010.08.24"]
[Round "2"]
[White "Saidul, Islam"]
[Black "Dave, Dhyani"]
[Result "0-1"]
[WhiteElo "2030"]
[BlackElo "2139"]
[PlyCount "50"]
[EventDate "2010.08.23"]
[EventType "tourn"]
[EventRounds "10"]
[EventCountry "BAN"]
[SourceTitle "EXT 2019"]
[Source "ChessBase"]
[SourceDate "2018.10.10"]
[SourceVersion "1"]
[SourceVersionDate "2018.10.10"]
[SourceQuality "1"]

1. e4 c5 2. Nf3 Nc6 3. d4 cxd4 4. Nxd4 g6 5. c3 Bg7 6. Be3 Nf6 7. Bd3 0-0 8. 0-0 d5 9. Nxc6 bxc6 10. exd5 cxd5 11. Bd4 Qd6 12. Re1 Ng4 13. g3 e5 14. Be2 h5 15. Be3 Nxe3 16. fxe3 Rb8 17. Na3 Qc5 18. Qd2 a5 19. Rad1 Be6 20. Bf3 Rfd8 21. b4 axb4 22. cxb4 Rxb4 23. Rb1 Rxb1 24. Nxb1 Rb8 25. Rc1 Qa7 0-1

[Event "Kecskemet"]
[Site "Kecskemet"]
[Date "2009.10.25"]
[Round "9"]
[White "Dave, Dhyani"]
[Black "Turzo, Attila"]
[Result "1-0"]
[WhiteElo "2124"]
[BlackElo "2314"]
[PlyCount "47"]
[EventDate "2009.10.17"]
[EventType "schev"]
[EventRounds "10"]
[EventCountry "HUN"]
[SourceTitle "EXT 2010"]
[Source "ChessBase"]
[SourceDate "2010.11.25"]
[SourceVersion "1"]
[SourceVersionDate "2010.11.25"]
[SourceQuality "1"]

1. e4 c5 2. Nf3 d6 3. d4 cxd4 4. Qxd4 Nc6 5. Bb5 Bd7 6. Bxc6 Bxc6 7. Nc3 Nf6 8. Bg5 e6 9. 0-0-0 Be7 10. Rhe1 0-0 11. Qd2 Qa5 12. Nd4 Rac8 13. Kb1 Kh8 14. f4 h6 15. h4 hxg5 16. hxg5 Nd7 17. g4 Kg8 18. Rh1 Bxe4 19. Nxe4 Qxd2 20. Rxd2 g6 21. Rdh2 f5 22. Rh7 Nc5 23. Nxc5 dxc5 24. Nxe6 1-0

[Event "Kecskemet"]
[Site "Kecskemet"]
[Date "2009.10.25"]
[Round "10"]
[White "Sahu, Sekhar Chandra"]
[Black "Dave, Dhyani"]
[Result "0-1"]
[WhiteElo "2267"]
[BlackElo "2124"]
[PlyCount "104"]
[EventDate "2009.10.17"]
[EventType "schev"]
[EventRounds "10"]
[EventCountry "HUN"]
[SourceTitle "EXT 2010"]
[Source "ChessBase"]
[SourceDate "2010.11.25"]
[SourceVersion "1"]
[SourceVersionDate "2010.11.25"]
[SourceQuality "1"]

1. d4 f5 2. g3 Nf6 3. Bg2 g6 4. Nf3 Bg7 5. 0-0 0-0 6. c4 d6 7. Nc3 Qe8 8. d5 a5 9. Ne1 e5 10. dxe6 c6 11. Qxd6 Bxe6 12. b3 Ne4 13. Nxe4 Bxa1 14. Ng5 Bf7 15. Ba3 Bg7 16. e3 Qd8 17. Qf4 Re8 18. Nxf7 Kxf7 19. Nf3 Kg8 20. Nd4 Nd7 21. Rd1 Ne5 22. Bf1 Qf6 23. c5 Rad8 24. Rc1 Rf8 25. Bc4+ Nxc4 26. Rxc4 Qe7 27. Bb2 Rfe8 28. Qf3 Rd5 29. Qd1 Bf8 30. b4 axb4 31. Qb3 Qf7 32. Qxb4 b5 33. Rc1 Qd7 34. Qb3 Rc8 35. Nf3 Bg7 36. Bd4 Ra8 37. h4 h6 38. Bxg7 Kxg7 39. Qc3+ Kh7 40. Qf6 Rd1+ 41. Rxd1 Qxd1+ 42. Kh2 Qd5 43. Ne5 Rg8 44. Qe7+ Rg7 45. Qf6 h5 46. a3 Qxc5 47. Nxc6 Qxa3 48. Qd4 Qa2 49. Kg1 Qe6 50. Ne5 Rc7 51. Nf3 Qd7 52. Qb6 Qc6 0-1

[Event "Kecskemet"]
[Site "Kecskemet"]
[Date "2009.10.23"]
[Round "7"]
[White "Sarosi, Zoltan"]
[Black "Dave, Dhyani"]
[Result "1/2-1/2"]
[WhiteElo "2364"]
[BlackElo "2124"]
[PlyCount "88"]
[EventDate "2009.10.17"]
[EventType "schev"]
[EventRounds "10"]
[EventCountry "HUN"]
[SourceTitle "EXT 2010"]
[Source "ChessBase"]
[SourceDate "2010.11.25"]
[SourceVersion "1"]
[SourceVersionDate "2010.11.25"]
[SourceQuality "1"]

1. d4 d5 2. c4 c6 3. Nf3 Nf6 4. Nc3 e6 5. Bg5 Nbd7 6. e3 Qa5 7. Nd2 dxc4 8. Bxf6 Nxf6 9. Nxc4 Qd8 10. Be2 Be7 11. 0-0 0-0 12. Qb3 b5 13. Ne5 Bb7 14. Bf3 Qb6 15. Rac1 Rac8 16. Rc2 Bd6 17. Nd3 Ba6 18. Rfc1 c5 19. dxc5 Bxc5 20. Nxb5 Bxe3 21. Rxc8 Bxc1 22. Rxf8+ Kxf8 23. Qb4+ Kg8 24. a4 Bxb5 25. axb5 Bh6 26. Bc6 g6 27. g4 Qd8 28. Ne5 Qd1+ 29. Kg2 Nd5 30. Bxd5 Qxd5+ 31. Nf3 Bf8 32. Qd4 Qxb5 33. Qxa7 Qxb2 34. Qc7 Qb4 35. h3 Qc5 36. Qxc5 Bxc5 37. g5 h6 38. h4 hxg5 39. hxg5 Kf8 40. Nd2 Ke7 41. Ne4 Bd6 42. Kf3 Be5 43. Kg4 Bd4 44. f3 Kd7 1/2-1/2

[Event "Kecskemet"]
[Site "Kecskemet"]
[Date "2009.10.17"]
[Round "1"]
[White "Lyell, Mark"]
[Black "Dave, Dhyani"]
[Result "1-0"]
[WhiteElo "2288"]
[BlackElo "2124"]
[PlyCount "85"]
[EventDate "2009.10.17"]
[EventType "schev"]
[EventRounds "10"]
[EventCountry "HUN"]
[SourceTitle "EXT 2010"]
[Source "ChessBase"]
[SourceDate "2010.11.25"]
[SourceVersion "1"]
[SourceVersionDate "2010.11.25"]
[SourceQuality "1"]

1. e4 d6 2. Nc3 Nf6 3. f4 e5 4. Nf3 Nbd7 5. Bc4 h6 6. d3 c6 7. 0-0 Qc7 8. Qe1 b5 9. Bb3 Nc5 10. fxe5 dxe5 11. Qg3 Nxb3 12. axb3 Nd7 13. d4 Bb7 14. Be3 a6 15. dxe5 0-0-0 16. Rad1 Kb8 17. e6 Qxg3 18. hxg3 Bc5 19. Bxc5 Nxc5 20. Rxd8+ Rxd8 21. exf7 Ne6 22. Ne5 Kc7 23. Ng6 Nf8 24. Nxf8 Rxf8 25. e5 Kd7 26. Ne4 Ke7 27. Nc5 Bc8 28. e6 a5 29. Ra1 Kd6 30. Rd1+ Ke7 31. Kh2 Rh8 32. g4 g5 33. Kg3 Rf8 34. c3 Rh8 35. Ra1 Kd6 36. Rd1+ Ke7 37. b4 axb4 38. cxb4 Rf8 39. Ra1 Bxe6 40. Re1 Kxf7 41. Rf1+ Ke7 42. Rxf8 Kxf8 43. Nxe6+ 1-0

[Event "Budapest FS10 IM-A"]
[Site "Budapest"]
[Date "2009.10.11"]
[Round "9"]
[White "Dave, Dhyani"]
[Black "Kahn, Evarth"]
[Result "1/2-1/2"]
[WhiteElo "2124"]
[BlackElo "2245"]
[PlyCount "77"]
[EventDate "2009.10.03"]
[EventType "tourn"]
[EventRounds "9"]
[EventCountry "HUN"]
[EventCategory "1"]
[SourceTitle "CBM 132 Extra"]
[Source "ChessBase"]
[SourceDate "2009.11.03"]
[SourceVersion "1"]
[SourceVersionDate "2009.11.03"]
[SourceQuality "1"]

1. e4 c5 2. Nf3 d6 3. d4 cxd4 4. Nxd4 Nf6 5. Nc3 g6 6. Be3 Bg7 7. f3 0-0 8. Qd2 Nc6 9. 0-0-0 d5 10. Nxc6 bxc6 11. Bh6 e6 12. g4 Rb8 13. Bxg7 Kxg7 14. h4 Qb6 15. b3 dxe4 16. Nxe4 Nxe4 17. fxe4 Qc5 18. g5 e5 19. Kb1 Bg4 20. Be2 Rfd8 21. Qe1 Rxd1+ 22. Qxd1 Be6 23. Rf1 Qd4 24. Qxd4 exd4 25. c3 dxc3 26. Kc2 Rb4 27. Bd3 c5 28. Kxc3 Rd4 29. Rf3 a5 30. a3 h5 31. Bc2 Kf8 32. Rf2 Ke7 33. Rd2 Rxd2 34. Kxd2 Kd6 35. Ke3 Ke5 36. Bd1 Bh3 37. Bc2 Bg4 38. Bd3 Be6 39. Bc2 1/2-1/2